000
00233nam a2200097Ia 4500
008
230915s9999 xx 000 0 und d
050
_a
QC 32.R33
100
_a
J A RABARI
245
0
_a
FOUNDATION PHYSICS BOOK FOR FORM 2
942
_c
BK
999
_c
189704
_d
189704